00701pam a2200229 a 4500001000800000005001700008008004100025010001700066020001500083040001800098041000800116080001400124082001800138100000700156101000800163245006000171504005300231906004500284942001200329999001700341952011300358338356620180206093719.0880729s1989 enk b 001 0 eng  a 88025196  a0415024242 aDLCcDLCdDLC aeng a650.1 KIR00a650.1 KIR219 a50 aSOC00aAdaptors and innovators :cedited by Michael J. Kirton. aIncludes bibliographical references (p. 199-222) a7bcbccorignewd1eocipf19gy-gencatlg 2ddccBK c41958d41958 00102udc40708PËKGa002b002cPËKGd2018-02-06l0o650.1 KIRp002-2999353r2018-02-06w2018-02-06yBK